000 01202nam a2200325 i 4500
003 EG-GICUC
005 20260121101453.0
008 251211s1994 ua ||||fr|||| 00| 0 ara d
017 _a1994/5315
020 _a9770411752
040 _a EG-GICUC
_bara
_c EG-GICUC
_d EG-GICUC
_erda
041 0 _aara
082 0 4 _221
_a343.46
_bم ح . ث
092 0 4 _221
099 _aLaw1 10 343.46 م ح . ث 1994
100 0 _aمحمد سامى الشوا
_eمؤلف.
245 1 0 _aثورة المعلومات وانعكاساتها على قانون العقوبات /
_cالدكتور محمد سامى الشوا.
264 1 _aالقاهرة :
_bدار النهضة العربية،
_c1994.
300 _a63 صفحة ؛
_c24 سم.
336 _2rda content
_atext
337 _2rda media
_aComputer
338 _2rda carrier
_aOnline Resource
504 _a. 59 ببليوجرافيا: صفحات
546 _aالنص باللغة العربية
650 1 4 _aالتشريعات المتعلقة بتقنية المعلومات
650 1 4 _aالقانون الجنائي
856 4 0 _uhttps://fll.law.cu.edu.eg/fulltext/bks/B10-07043.pdf
905 _a77
_eHassnaa
942 _2ddc
_cBK
_e21
_n0
999 _c49865
_d49865